000 00383 a2200169 4500
001 192816
020 _a978-85-250-6392-2
040 _cMagnum
100 _aLobato, Monteiro
240 1 0 _aDom Quixote das crianças
_lpor
245 1 0 _aDom Quixote das crianças
300 _a239
362 0 _a2017
440 1 _aGlobinho
697 _aLITERATURA INFANTO-JUVENIL
942 _cBK
999 _c192816
_d192816